Random Facts Quiz - Statistics

General Stats
  • This quiz has been taken 247 times
    233 since last reset
  • The average score is 6 of 10
Answer Stats
Question Answer % Correct
What is the First Decimal Digit of Pi? 1
95%
What is the capital of China? Beijing
93%
What do you get when you find 7 dollars? 💵💵💵💵💵💵💵
87%
What do you call a cow without legs? Ground Beef
83%
Which Country Participated in the Revolutionary War? Britain
79%
Who was the 16th President of the United States? Abraham Lincoln
64%
1 in 4 chance... 3
32%
Which is the Best? Elementary School
24%
How are you feeling today? Hungry
15%
1+1=_? Window
9%
No matching quizzes found
Score Distribution
Percent of People with Each Score
Percentile by Number Answered
Your Score History
You have not taken this quiz since the last reset